{"text_format":"1","workbook":"xlsx","n_sheets":7,"sheets":["グラフメニュー","目標と実績グラフ","売上高表","売上分類","当月売上高","売上実績グラフ","日付取得"],"not_rendered":{"charts":4,"images":0,"macros":1,"external_links":1,"defined_names":1,"comments":0,"pivot_tables":0},"unopened":[],"bounds":{"document_bytes":16777216,"sheet_cells":100000,"rows_first":2000,"rows_last":500,"rows_between":2000,"halvings":0,"cell_chars":16384,"cell_head_chars":4096},"cells_cut":0,"cells_raw":0,"read":"whole","date_system":"1900"}

{"sheet":"グラフメニュー","index":0,"n_rows":49,"n_cols":2,"rows_kept":49,"cut":false,"hidden":false,"merged":[]}
[]
[]
[]
[]
[]
[]
[]
[]
[]
[]
[]
[]
[]
[]
[]
[]
[]
[]
[]
[]
[]
[]
[]
[]
[]
[]
[]
[]
[]
[]
[]
[]
[]
[]
[]
[]
[]
[]
[]
[]
[]
[]
[]
[]
[]
[]
[]
[]
[null," "]

{"sheet":"目標と実績グラフ","index":1,"n_rows":38,"n_cols":22,"rows_kept":38,"cut":false,"hidden":false,"merged":[]}
[]
[null,null,null,null,5,6,7,8,9,10,11,12,13,14,15,16]
[]
[null,null,"2017年"]
[null,null," ",null,"６月","７月","８月","９月","１０月","１１月","１２月","１月","２月","３月","４月","５月"]
[null,null,"売上高目標",0,3500,7000,10500,14000,17500,21000,24500,28000,31500,35000,38500,42000]
["累積",null,"売上高実績",null,3620,6842]
[]
[]
[]
["当月",null,"売上実績",null,3620,3222]
["累積計算",null,"7行へ転記",null,{"$f":"E11","v":3620},{"$f":"IF(F11=\"\",\"\",SUM($E$11:$F$11))","v":6842},{"$f":"IF(G11=\"\",\"\",SUM($E$11:$G$11))","v":""},{"$f":"IF(H11=\"\",\"\",SUM($E$11:$H$11))","v":""},{"$f":"IF(I11=\"\",\"\",SUM($E$11:$I$11))","v":""},{"$f":"IF(J11=\"\",\"\",SUM($E$11:$J$11))","v":""},{"$f":"IF(K11=\"\",\"\",SUM($E$11:$K$11))","v":""},{"$f":"IF(L11=\"\",\"\",SUM($E$11:$L$11))","v":""},{"$f":"IF(M11=\"\",\"\",SUM($E$11:$M$11))","v":""},{"$f":"IF(N11=\"\",\"\",SUM($E$11:$N$11))","v":""},{"$f":"IF(O11=\"\",\"\",SUM($E$11:$O$11))","v":""},{"$f":"IF(P11=\"\",\"\",SUM($E$11:$P$11))","v":""}]
[]
[null,null,null,null,null,null,null,null,null,null,null,null,null,null,null,null,null,null,null,null,"　"]
[" ",null," "]
[]
[]
[]
[]
[]
[]
[]
[]
[]
[]
[]
[]
[]
[]
[]
[]
[]
[]
[]
[null,null,null,null,null,null,null,null,null,null,null,null,null,null,null,null,null,null,null,null," "," "]
[null,null,null,null,null,null,null,null,null,null,null,null,null,null,null,null,null,null,null,null,null," "]
[null,null,null,null,null,null,null,null,null,null,null,null,null,null,null,null,null,null,null,null," "]
[null,null,null,null,null,null,null,null,null,null,null,null,null,null,null,null,null,null,null,null,null," "]

{"sheet":"売上高表","index":2,"n_rows":24,"n_cols":9,"rows_kept":24,"cut":false,"hidden":false,"merged":[]}
[]
[]
[]
[null,"2017-08-05",{"$f":"日付取得!B1","v":7},"月切","売　上　高　表"]
[null,null,201,301,302,401,402,199,"合計"]
[null,"RE",0,0,0,0,0,0,0]
[null,"RN",0,0,0,0,0,0,0]
[null,"NR",0,0,8399000,0,0,0,8399000]
[null,"SP",0,0,0,0,0,0,0]
[null,"QP",0,0,0,0,1090600,0,1090600]
[null,"OK",0,0,0,0,0,0,0]
[null,"VW",0,0,0,0,0,0,0]
[null,"NK",0,0,0,0,0,0,0]
[null,"FV",0,18192000,0,0,0,0,18192000]
[null,"PT",0,0,0,665088,0,0,665088]
[null,"修理部品",0,56500,0,0,0,3451850,3508350]
[null,"内作計",0,18248500,8399000,665088,1090600,3451850,31855038]
[null,"CV",361000,0,0,0,0,0,361000]
[null,null,0,0,0,0,0,0,0]
[null,null,0,0,0,0,0,0,0]
[null,"　"]
[null,"外作計",361000,0,0,0,0,0,361000]
[]
[null,"総合計",361000,18248500,8399000,665088,1090600,3451850,32216038]

{"sheet":"売上分類","index":3,"n_rows":119,"n_cols":15,"rows_kept":119,"cut":false,"hidden":false,"merged":[]}
[]
["商品コード","担当者コード",null,"売上高分類抽出"]
["PT00",402,null,null,199,null,null,201,null,null,301]
[null,0,null,null,null,"金額",null,null,"金額",null,null,"金額"]
[null,null,null,null,1000,3267100,null,1000,0,null,1000,56500]
[null,null,null,null,1001,136750,null,1001,0,null,1001,0]
[null,null,null,null,1002,48000,null,1002,0,null,1002,0]
[null,null,null,null,"CV00",0,null,"PT00",0,null,"PT00",0]
[null,null,null,null,"CV01",0]
[null,null,null,null,"CV02",0]
[null,null," ",null,"PT00",0]
[]
[]
[null,"合計",null,null,201,null,null,301,null,null,302,null,null,401]
[199,3451850,null,null,null,"金額",null,null,"金額",null,null,"金額",null,null,"金額"]
[201,361000,null,null,"CV00",356000,null,"CV00",0,null,"CV00",0,null,"CV00",0]
[301,18248500,null,null,"CV01",5000,null,"CV01",0,null,"CV01",0,null,"CV01",0]
[302,8399000,null,null,"CV02",0,null,"CV02",0,null,"CV02",0,null,"CV02",0]
[401,665088,null,null,"RE00",0,null,"RE00",0,null,"RE00",0,null,"RE00",0]
[402,1090600,null,null,"RE01",0,null,"RE01",0,null,"RE01",0,null,"RE01",0]
["総合計",{"$f":"SUM(B15:B20)","v":32216038},null,null,"RE02",0,null,"RE02",0,null,"RE02",0,null,"RE02",0]
["売上高",{"$f":"当月売上高!J2","v":32216038},null,null,"RN00",0,null,"RN00",0,null,"RN00",0,null,"RN00",0]
["差",{"$f":"B21-B22","v":0},null,null,"RN01",0,null,"RN01",0,null,"RN01",0,null,"RN01",0]
[null,null,null,null,"RN02",0,null,"RN02",0,null,"RN02",0,null,"RN02",0]
[null,null,null,null,"NR00",0,null,"NR00",0,null,"NR00",7900000,null,"NR00",0]
[null,null,null,null,"NR01",0,null,"NR01",0,null,"NR01",499000,null,"NR01",0]
[null,null,null,null,"NR02",0,null,"NR02",0,null,"NR02",0,null,"NR02",0]
[null,null,null,null,"SP00",0,null,"SP00",0,null,"SP00",0,null,"SP00",0]
[null,null,null,null,"SP01",0,null,"SP01",0,null,"SP01",0,null,"SP01",0]
[null,null,null,null,"SP02",0,null,"SP02",0,null,"SP02",0,null,"SP02",0]
[null,null,null,null,"QP00",0,null,"QP00",0,null,"QP00",0,null,"QP00",0]
[null,199,{"$f":"SUM(C34:C39)","v":0},null,"QP01",0,null,"QP01",0,null,"QP01",0,null,"QP01",0]
[null,null,"金額",null,"QP02",0,null,"QP02",0,null,"QP02",0,null,"QP02",0]
[null,"1000Q",null,null,"OK00",0,null,"OK00",0,null,"OK00",0,null,"OK00",0]
[null,"1001Q",null,null,"OK01",0,null,"OK01",0,null,"OK01",0,null,"OK01",0]
[{"$f":"SUM(C34:C36)","v":0},"1002Q",null,null,"OK02",0,null,"OK02",0,null,"OK02",0,null,"OK02",0]
[null,"1000F",null,null,"VW00",0,null,"VW00",0,null,"VW00",0,null,"VW00",0]
[null,"1001F",null,null,"VW01",0,null,"VW01",0,null,"VW01",0,null,"VW01",0]
[{"$f":"SUM(C37:C39)","v":0},"1002F",null,null,"VW02",0,null,"VW02",0,null,"VW02",0,null,"VW02",0]
[null,301,{"$f":"SUM(C42:C47)","v":0},null,"NK00",0,null,"NK00",0,null,"NK00",0,null,"NK00",0]
[null,null,"金額",null,"NK01",0,null,"NK01",0,null,"NK01",0,null,"NK01",0]
[null,"1000Q",null,null,"NK02",0,null,"NK02",0,null,"NK02",0,null,"NK02",0]
[null,"1001Q",null,null,"FV00",0,null,"FV00",17872000,null,"FV00",0,null,"FV00",0]
[{"$f":"SUM(C42:C44)","v":0},"1002Q",null,null,"FV01",0,null,"FV01",320000,null,"FV01",0,null,"FV01",0]
[null,"1000F",null,null,"FV02",0,null,"FV02",0,null,"FV02",0,null,"FV02",0]
[null,"1001F",null,null,null,null,null,null,null,null,"PT00",0,null,"PT00",665088]
[{"$f":"SUM(C45:C47)","v":0},"1002F"]
[null,302,{"$f":"SUM(C50:C55)","v":0}]
[null,null,"金額"]
[null,"1000Q"]
[null,"1001Q"]
[{"$f":"SUM(C50:C52)","v":0},"1002Q"]
[null,"1000F"]
[null,"1001F"]
[{"$f":"SUM(C53:C55)","v":0},"1002F"]
[null,401,{"$f":"SUM(C58:C63)","v":0},null,402]
[null,null,"金額",null,null,"金額",null,null,"金額",null,null,"金額",null,null,"金額"]
[null,"1000Q",null,null,"CV00",0,null,"CV00",null,null,"CV00",null,null,"CV00"]
[null,"1001Q",null,null,"CV01",0,null,"CV01",null,null,"CV01",null,null,"CV01"]
[{"$f":"SUM(C58:C60)","v":0},"1002Q",null,null,"CV02",0,null,"CV02",null,null,"CV02",null,null,"CV02"]
[null,"1000F",null,null,"RE00",0,null,"RE00",null,null,"RE00",null,null,"RE00"]
[null,"1001F",null,null,"RE01",0,null,"RE01",null,null,"RE01",null,null,"RE01"]
[{"$f":"SUM(C61:C63)","v":0},"1002F",null,null,"RE02",0,null,"RE02",null,null,"RE02",null,null,"RE02"]
[null,402,{"$f":"SUM(C66:C71)","v":0},null,"RN00",0,null,"RN00",null,null,"RN00",null,null,"RN00"]
[null,null,"金額",null,"RN01",0,null,"RN01",null,null,"RN01",null,null,"RN01"]
[null,"1000Q",null,null,"RN02",0,null,"RN02",null,null,"RN02",null,null,"RN02"]
[null,"1001Q",null,null,"NR00",0,null,"NR00",null,null,"NR00",null,null,"NR00"]
[{"$f":"SUM(C66:C68)","v":0},"1002Q",null,null,"NR01",0,null,"NR01",null,null,"NR01",null,null,"NR01"]
[null,"1000F",null,null,"NR02",0,null,"NR02",null,null,"NR02",null,null,"NR02"]
[null,"1001F",null,null,"SP00",0,null,"SP00",null,null,"SP00",null,null,"SP00"]
[{"$f":"SUM(C69:C71)","v":0},"1002F",null,null,"SP01",0,null,"SP01",null,null,"SP01",null,null,"SP01"]
[null,null,{"$f":"SUM(C74:C79)","v":0},null,"SP02",0,null,"SP02",null,null,"SP02",null,null,"SP02"]
[null,null,"金額",null,"QP00",980000,null,"QP00",null,null,"QP00",null,null,"QP00"]
[null,"1000Q",null,null,"QP01",110600,null,"QP01",null,null,"QP01",null,null,"QP01"]
[null,"1001Q",null,null,"QP02",0,null,"QP02",null,null,"QP02",null,null,"QP02"]
[{"$f":"SUM(C74:C76)","v":0},"1002Q",null,null,"OK00",0,null,"OK00",null,null,"OK00",null,null,"OK00"]
[null,"1000F",null,null,"OK01",0,null,"OK01",null,null,"OK01",null,null,"OK01"]
[null,"1001F",null,null,"OK02",0,null,"OK02",null,null,"OK02",null,null,"OK02"]
[{"$f":"SUM(C77:C79)","v":0},"1002F",null,null,"VW00",0,null,"VW00",null,null,"VW00",null,null,"VW00"]
[null,null,{"$f":"SUM(C82:C87)","v":0},null,"VW01",0,null,"VW01",null,null,"VW01",null,null,"VW01"]
[null,null,"金額",null,"VW02",0,null,"VW02",null,null,"VW02",null,null,"VW02"]
[null,"1000Q",null,null,"NK00",0,null,"NK00",null,null,"NK00",null,null,"NK00"]
[null,"1001Q",null,null,"NK01",0,null,"NK01",null,null,"NK01",null,null,"NK01"]
[{"$f":"SUM(C82:C84)","v":0},"1002Q",null,null,"NK02",0,null,"NK02",null,null,"NK02",null,null,"NK02"]
[null,"1000F",null,null,"FV00",0,null,"FV00",null,null,"FV00",null,null,"FV00"]
[null,"1001F",null,null,"FV01",0,null,"FV01",null,null,"FV01",null,null,"FV01"]
[{"$f":"SUM(C85:C87)","v":0},"1002F",null,null,"FV02",0,null,"FV02",null,null,"FV02",null,null,"FV02"]
[null,null,{"$f":"SUM(C90:C95)","v":0},null,"PT00",0,null,"PT00",null,null,"PT00",null,null,"PT00"]
[null,null,"金額",null," ",null,null," ",null,null," ",null,null," "]
[null,"1000Q",null,null," ",null,null," ",null,null," ",null,null," "]
[null,"1001Q"]
[{"$f":"SUM(C90:C92)","v":0},"1002Q"]
[null,"1000F"]
[null,"1001F"]
[{"$f":"SUM(C93:C95)","v":0},"1002F"]
[null,null,{"$f":"SUM(C98:C103)","v":0}]
[null,null,"金額"]
[null,"1000Q"]
[null,"1001Q"]
[{"$f":"SUM(C98:C100)","v":0},"1002Q"]
[null,"1000F"]
[null,"1001F"]
[{"$f":"SUM(C101:C103)","v":0},"1002F"]
[null,null,{"$f":"SUM(C106:C111)","v":0}]
[null,null,"金額"]
[null,"1000Q"]
[null,"1001Q"]
[{"$f":"SUM(C106:C108)","v":0},"1002Q"]
[null,"1000F"]
[null,"1001F"]
[{"$f":"SUM(C109:C111)","v":0},"1002F"]
[null,null,{"$f":"SUM(C114:C119)","v":0}]
[null,null,"金額"]
[null,"1000Q"]
[null,"1001Q"]
[{"$f":"SUM(C114:C116)","v":0},"1002Q"]
[null,"1000F"]
[null,"1001F"]
[{"$f":"SUM(C117:C119)","v":0},"1002F"]

{"sheet":"当月売上高","index":4,"n_rows":108,"n_cols":17,"rows_kept":108,"cut":false,"hidden":false,"merged":[]}
[]
["期間:2017年07月01日 ～ 2017年07月31日",null,null,null,null,null,null,null,null,{"$f":"SUM(J5:J500)","v":32216038},null,null,null,null,{"$f":"SUM(O5:O500)","v":32216038}]
[]
[null,"商品コード","商品名/摘要","単位",null,"得意先名","担当者コード",null,null,"金額","備考"]
[null,"CV00","ﾎﾟﾝﾌﾟ","個","2017-07-29","株式会社BR","201",1,38000,38000,"CV-4688",null,"NK-8266A","AH株式会社　生産技術センター",6600,"2017-07-01","ﾌｪﾙﾄのみ上下ｾｯﾄ（計2本）"]
[null,"CV00","ﾌﾟﾚｰﾄ","個","2017-07-21","株式会社BL","201",1,152000,152000,"CV-4689",null,"QP-3745A","株式会社A",194500,"2017-07-01","A1-01ﾌﾞﾗｹｯﾄ"]
[null,"CV01","運賃","式","2017-07-21","株式会社BS","201",1,3000,3000,"CV-4689",null,"QP-4228A","合資会社V",32500,"2017-07-01","No.3軸"]
[null,"PT00","6点ｽﾘｰﾌﾟｺｱﾋﾟﾝ","個","2017-07-20","株式会社CM","401",2,15000,30000,"CV-4690",null,"QP-5250A","AG株式会社",56500,"2017-07-01","ｸﾗﾝﾌﾟﾛｯﾄﾞ部一式"]
[null,"CV00","ﾛｰﾗｰﾌﾞﾗｼIK-100","個","2017-07-22","BO株式会社","201",20,2640,52800,"CV-4691",null,"QP-5630B","株式会社Q",51000,"2017-07-01","Oﾘﾝｸﾞｾｯﾄ"]
[null,"CV00","ﾛｰﾗｰﾌﾞﾗｼIK-200","個","2017-07-22","BP工業株式会社","201",20,3480,69600,"CV-4691",null,"QP-5980A","S株式会社",29000,"2017-07-01","ｶｽ落下防止ｶﾊﾞｰ"]
[null,"CV01","運賃","式","2017-07-22","BT株式会社","201",1,2000,2000,"CV-4691",null,"QP-6154A","R Ａｕｔｏｍａｔｉｏｎ Ｃｏｒｐ",124250,"2017-07-01","軸"]
[null,"CV00","φ55.022用Vﾌﾞﾛｯｸ","個","2017-07-27","株式会社BQ","201",1,43600,43600,"CV-4692",null,"NK-8265","株式会社BU",3548000,"2017-07-04","FV-110"]
[null,"PT00","E812606",null,"2017-07-29","株式会社CN","401",1,19998,19998,"CV-4694",null,"NK-8266K","AH株式会社　生産技術センター",4600,"2017-07-06","ﾀﾞｲﾔﾙｹﾞｰｼﾞ不備修正作業"]
[null,"PT00","E812607",null,"2017-07-29","株式会社CN","401",1,19998,19998,"CV-4694",null,"NK-7600K","AQ株式会社",50000,"2017-07-07","改造品の動不良を現地確認"]
[null,"PT00","E812650",null,"2017-07-29","株式会社CN","401",1,19190,19190,"CV-4694",null,"NK-7911A","株式会社AL塩山工場",26000,"2017-07-07","ﾜｰｸﾛｰﾙ向けﾜｯｼｬｰ42個"]
[null,"PT00","E812651",null,"2017-07-29","株式会社CN","401",1,28280,28280,"CV-4694",null,"NR-4161A","株式会社C",48000,"2017-07-07","駆動ﾛｰﾗｰ"]
[null,"PT00","E812814",null,"2017-07-29","株式会社CN","401",1,222200,222200,"CV-4694",null,"NR-4489","CB株式会社",2593000,"2017-07-07","U-900"]
[null,"PT00","E812826",null,"2017-07-29","株式会社CN","401",1,47470,47470,"CV-4694",null,"NR-4493","株式会社CA",1448000,"2017-07-07","T-900"]
[null,"PT00","E812821",null,"2017-07-29","株式会社CN","401",1,139380,139380,"CV-4694",null,"NR-9092A","G株式会社",48500,"2017-07-08","制御基板"]
[null,"PT00","E812822",null,"2017-07-29","株式会社CN","401",1,12120,12120,"CV-4694",null,"NR-9093A","X株式会社",62000,"2017-07-08","従動ﾛｰﾗ"]
[null,"PT00","E812815",null,"2017-07-29","株式会社CN","401",1,43632,43632,"CV-4695",null,"NR-9094A","AB株式会社　岡山工場",38500,"2017-07-08","駆動ﾛｰﾗ"]
[null,"PT00","E813358",null,"2017-07-29","株式会社CN","401",1,36360,36360,"CV-4699",null,"QD-3518A","株式会社AZ",3000,"2017-07-08","運賃"]
[null,"PT00","E813318",null,"2017-07-29","株式会社CN","401",1,22523,22523,"CV-4699",null,"QP-3132A","株式会社AE",52000,"2017-07-08","No.3軸(B)"]
[null,"PT00","E813319",null,"2017-07-29","株式会社CN","401",1,23937,23937,"CV-4699",null,"QP-3518A","株式会社L",9400,"2017-07-08","分配器　DI-4"]
[null,"1000","ｽｸﾘｭｰ及びｽｸﾘｭｰﾅｯﾄ","個","2017-07-26","AF工業株式会社","199",1,32000,32000,"NK-3971A",null,"QP-6747A","株式会社F",62000,"2017-07-08","ﾎﾟｽﾄｶﾊﾞｰ"]
[null,"1000","材料ｾｯﾄ一式","個","2017-07-12","O株式会社","199",1,210000,210000,"NK-6544A",null,"QP-6829","株式会社CO",1090600,"2017-07-08","Q-123"]
[null,"1001","運賃","式","2017-07-12","BB産業株式会社","199",1,10000,10000,"NK-6544A",null,"RE-3552A","S工業㈱",132900,"2017-07-08","ｱｯﾊﾟｰﾛｰﾗ"]
[null,"1000","引張ｺｲﾙﾊﾟﾈﾙ　AWT18-55","個","2017-07-15","AR株式会社　長野工場","199",2,3400,6800,"NK-7125A",null,"SP-0971A","E株式会社",66700,"2017-07-08","シグナルボイス"]
[null,"1000","ﾊﾞﾈBKT2個ｾｯﾄ","個","2017-07-15","AR株式会社　長野工場","199",1,19200,19200,"NK-7125A",null,"SP-1049B","株式会社H",125000,"2017-07-08","故障調査"]
[null,"1000","駆動ﾛｰﾗｰ","個","2017-07-20","Y株式会社","199",1,31500,31500,"NK-7408A",null,"NK-7785A","株式会社AM",39000,"2017-07-11","ｺﾝﾄﾛｰﾙﾊﾞｰ"]
[null,"1000","改造品の動不良を現地確認","個","2017-07-07","AQ株式会社","199",1,50000,50000,"NK-7600K",null,"NR-2811A","K株式会社",40500,"2017-07-11","駆動ﾛｰﾗｰ"]
[null,"1000","ｺﾝﾄﾛｰﾙﾊﾞｰ","個","2017-07-11","株式会社AM","199",2,10500,21000,"NK-7785A",null,"NR-3279A","AC株式会社",3000,"2017-07-11","該非判定書"]
[null,"1000","ﾀﾞｲﾔﾙｹﾞｰｼﾞ","個","2017-07-20","株式会社AO","199",1,18000,18000,"NK-7785A",null,"NR-3623A","D株式会社",93000,"2017-07-11","ｶﾞｲﾄﾞﾛｰﾗｰ"]
[null,"1000","ﾜｰｸﾛｰﾙ向けﾜｯｼｬｰ42個","個","2017-07-07","株式会社AL塩山工場","199",1,26000,26000,"NK-7911A",null,"NR-3752A","J株式会社",42000,"2017-07-11","ｶﾞｲﾄﾞﾛｰﾗｰ"]
[null,"1000","FBN40B22D40","個","2017-07-12","P株式会社","199",1,4800,4800,"NK-7929A",null,"NK-6544A","O株式会社",220000,"2017-07-12","材料ｾｯﾄ一式"]
[null,"1001","運賃","式","2017-07-12","BC株式会社","199",1,2500,2500,"NK-7929A",null,"NK-7929A","P株式会社",7300,"2017-07-12","FBN40B22D40"]
[null,"1000","ﾜｰｸﾛｰﾙ","個","2017-07-19","AN株式会社","199",16,21400,342400,"NK-8111A",null,"NR-4117A","M株式会社",678000,"2017-07-12","ﾃｰﾌﾞﾙ"]
[null,"1000","ﾛｰﾙ","個","2017-07-19","AN株式会社","199",1,12000,12000,"NK-8111A",null,"NK-7125A","AR株式会社　長野工場",26000,"2017-07-15","引張ｺｲﾙﾊﾟﾈﾙ　AWT18-55"]
[null,"1000","ｵｲﾙﾊﾟﾝ","個","2017-07-22","AS株式会社 大浜工場","199",1,52000,52000,"NK-8183K",null,"SP-1231K","株式会社W",3200,"2017-07-15","E1-08"]
[null,"1000","ﾛｰﾙ部ｶﾊﾞｰ","個","2017-07-28","株式会社AP","199",1,46000,46000,"NK-8226K",null,"NK-8111A","AN株式会社",354400,"2017-07-19","ﾜｰｸﾛｰﾙ"]
[null,"FV00","FV-300","台","2017-07-28","株式会社BV","301",1,4560000,4560000,"NK-8260",null,"NR-4494","株式会社CD",1448000,"2017-07-19","T-900"]
[null,"FV01","運賃","式","2017-07-28","株式会社BY","301",1,84000,84000,"NK-8260",null,"NR-4499","株式会社CC",1560000,"2017-07-19","T-900"]
[null,"FV00","FV-110","台","2017-07-04","株式会社BU","301",1,3450000,3450000,"NK-8265",null,"NR-4501A","株式会社B",79000,"2017-07-19","ｶﾞｲﾄﾞﾛｰﾗ-"]
[null,"FV01","運賃","式","2017-07-04","株式会社BX","301",1,98000,98000,"NK-8265",null,"CV-4690","株式会社CM",30000,"2017-07-20","6点ｽﾘｰﾌﾟｺｱﾋﾟﾝ"]
[null,"1000","ﾌｪﾙﾄのみ上下ｾｯﾄ（計2本）","個","2017-07-01","AH株式会社　生産技術センター","199",3,2200,6600,"NK-8266A",null,"NK-7408A","Y株式会社",31500,"2017-07-20","駆動ﾛｰﾗｰ"]
[null,"1000","ﾀﾞｲﾔﾙｹﾞｰｼﾞ不備修正作業","個","2017-07-06","AH株式会社　生産技術センター","199",1,4600,4600,"NK-8266K",null,"CV-4689","株式会社BL",155000,"2017-07-21","ﾌﾟﾚｰﾄ"]
[null,"FV00","FV-200","台","2017-07-28","株式会社BW","301",1,9862000,9862000,"NK-8267",null,"CV-4691","BO株式会社",124400,"2017-07-22","ﾛｰﾗｰﾌﾞﾗｼIK-100"]
[null,"FV01","運賃","式","2017-07-28","株式会社BZ","301",1,138000,138000,"NK-8267",null,"NK-8183K","AS株式会社 大浜工場",52000,"2017-07-22","ｵｲﾙﾊﾟﾝ"]
[null,"1000","駆動ﾛｰﾗｰ","個","2017-07-28","Z株式会社","199",1,38500,38500,"NR-2406A",null,"NR-3885A","AD株式会社",480000,"2017-07-22","駆動ﾛｰﾗｰ"]
[null,"1000","ﾒｰﾀ","個","2017-07-28","AA株式会社","199",1,20000,20000,"NR-2406A",null,"NK-3971A","AF工業株式会社",32000,"2017-07-26","ｽｸﾘｭｰ及びｽｸﾘｭｰﾅｯﾄ"]
[null,"1000","駆動ﾛｰﾗｰ","個","2017-07-11","K株式会社","199",1,37500,37500,"NR-2811A",null,"CV-4692","株式会社BQ",43600,"2017-07-27","φ55.022用Vﾌﾞﾛｯｸ"]
[null,"1001","運賃","式","2017-07-11","AX3株式会社","199",1,3000,3000,"NR-2811A",null,"NK-8226K","株式会社AP",46000,"2017-07-28","ﾛｰﾙ部ｶﾊﾞｰ"]
[null,"1000","該非判定書","個","2017-07-11","AC株式会社","199",1,3000,3000,"NR-3279A",null,"NK-8260","株式会社BV",4644000,"2017-07-28","FV-300"]
[null,"1000","ｶﾞｲﾄﾞﾛｰﾗｰ","個","2017-07-11","D株式会社","199",2,44000,88000,"NR-3623A",null,"NK-8267","株式会社BW",10000000,"2017-07-28","FV-200"]
[null,"1001","運賃","式","2017-07-11","AS工業株式会社","199",1,5000,5000,"NR-3623A",null,"NR-2406A","Z株式会社",58500,"2017-07-28","駆動ﾛｰﾗｰ"]
[null,"1000","ｶﾞｲﾄﾞﾛｰﾗｰ","個","2017-07-11","J株式会社","199",1,39000,39000,"NR-3752A",null,"NR-4508","株式会社CE",1350000,"2017-07-28","T-900"]
[null,"1001","運賃","式","2017-07-11","AW株式会社","199",1,3000,3000,"NR-3752A",null,"CV-4688","株式会社BR",38000,"2017-07-29","ﾎﾟﾝﾌﾟ"]
[null,"1000","駆動ﾛｰﾗｰ","個","2017-07-22","AD株式会社","199",10,37500,375000,"NR-3885A",null,"CV-4694","株式会社CN",508636,"2017-07-29","E812606"]
[null,"1000","ｺﾝﾄﾛｰﾙ基盤","個","2017-07-22","AD株式会社","199",3,35000,105000,"NR-3885A",null,"CV-4695","株式会社CN",43632,"2017-07-29","E812815"]
[null,"1000","ﾃｰﾌﾞﾙ","個","2017-07-12","M株式会社","199",5,126000,630000,"NR-4117A",null,"CV-4699","株式会社CN",82820,"2017-07-29","E813358"]
[null,"1001","運賃","式","2017-07-12","BA株式会社大阪営業所","199",1,48000,48000,"NR-4117A"]
[null,"1000","駆動ﾛｰﾗｰ","個","2017-07-07","株式会社C","199",1,45000,45000,"NR-4161A"]
[null,"1001","運賃","式","2017-07-07","株式会社AR名古屋営業所","199",1,3000,3000,"NR-4161A"]
[null,"NR00","U-900","台","2017-07-07","CB株式会社","302",1,2500000,2500000,"NR-4489"]
[null,"NR01","運賃","式","2017-07-07","CG株式会社","302",1,93000,93000,"NR-4489"]
[null,"NR00","T-900","台","2017-07-07","株式会社CA","302",1,1350000,1350000,"NR-4493"]
[null,"NR01","運賃","式","2017-07-07","株式会社CF","302",1,98000,98000,"NR-4493"]
[null,"NR00","T-900","台","2017-07-19","株式会社CD","302",1,1350000,1350000,"NR-4494"]
[null,"NR01","運賃","式","2017-07-19","株式会社CL","302",1,98000,98000,"NR-4494"]
[null,"NR00","T-900","台","2017-07-19","株式会社CC","302",1,1350000,1350000,"NR-4499"]
[null,"NR01","運賃","式","2017-07-19","株式会社CH","302",1,210000,210000,"NR-4499"]
[null,"1000","ｶﾞｲﾄﾞﾛｰﾗ-","個","2017-07-19","株式会社B","199",2,37000,74000,"NR-4501A"]
[null,"1001","運賃","式","2017-07-19","株式会社AQ","199",1,5000,5000,"NR-4501A"]
[null,"NR00","T-900","台","2017-07-28","株式会社CE","302",1,1350000,1350000,"NR-4508"]
[null,"1000","制御基板","個","2017-07-08","G株式会社","199",1,35000,35000,"NR-9092A"]
[null,"1000","基盤と結線用ハーネス1式","個","2017-07-08","G株式会社","199",1,10000,10000,"NR-9092A"]
[null,"1001","運賃","式","2017-07-08","AV株式会社　徳島工場","199",1,3500,3500,"NR-9092A"]
[null,"1000","従動ﾛｰﾗ","個","2017-07-08","X株式会社","199",6,9500,57000,"NR-9093A"]
[null,"1001","運賃","式","2017-07-08","BG株式会社","199",1,5000,5000,"NR-9093A"]
[null,"1000","駆動ﾛｰﾗ","個","2017-07-08","AB株式会社　岡山工場","199",1,38500,38500,"NR-9094A"]
[null,"1001","運賃","式","2017-07-08","株式会社AZ","199",1,3000,3000,"QD-3518A"]
[null,"1000","No.3軸(B)","個","2017-07-08","株式会社AE","199",1,52000,52000,"QP-3132A"]
[null,"1000","分配器　DI-4","個","2017-07-08","株式会社L","199",1,9400,9400,"QP-3518A"]
[null,"1000","A1-01ﾌﾞﾗｹｯﾄ","個","2017-07-01","株式会社A","199",1,174500,174500,"QP-3745A"]
[null,"1001","運賃","式","2017-07-01","株式会社AP","199",1,20000,20000,"QP-3745A"]
[null,"1000","No.3軸","個","2017-07-01","合資会社V","199",1,28500,28500,"QP-4228A"]
[null,"1001","運賃","式","2017-07-01","合資会社BF","199",1,4000,4000,"QP-4228A"]
[null,"1000","ｸﾗﾝﾌﾟﾛｯﾄﾞ部一式","個","2017-07-01","AG株式会社","301",1,56500,56500,"QP-5250A"]
[null,"1000","Oﾘﾝｸﾞｾｯﾄ","個","2017-07-01","株式会社Q","199",1,3000,3000,"QP-5630B"]
[null,"1002","出張作業費","式","2017-07-01","株式会社BH","199",1,48000,48000,"QP-5630B"]
[null,"1000","ｶｽ落下防止ｶﾊﾞｰ","個","2017-07-01","S株式会社","199",2,12500,25000,"QP-5980A"]
[null,"1001","運賃","式","2017-07-01","BD工業株式会社","199",1,4000,4000,"QP-5980A"]
[null,"1000","軸","個","2017-07-01","R Ａｕｔｏｍａｔｉｏｎ Ｃｏｒｐ","199",5,22700,113500,"QP-6154A"]
[null,"1000","止めﾎﾞﾙﾄ","個","2017-07-01","R Ａｕｔｏｍａｔｉｏｎ Ｃｏｒｐ","199",3,1000,3000,"QP-6154A"]
[null,"1000","止めﾎﾞﾙﾄ","個","2017-07-01","R Ａｕｔｏｍａｔｉｏｎ Ｃｏｒｐ","199",1,1000,1000,"QP-6154A"]
[null,"1000","止めﾎﾞﾙﾄ","個","2017-07-01","R Ａｕｔｏｍａｔｉｏｎ Ｃｏｒｐ","199",2,1000,2000,"QP-6154A"]
[null,"1001","運賃","式","2017-07-01","R Ａｕｔｏｍａｔｉｏｎ Ｃｏｒｐ","199",1,4750,4750,"QP-6154A"]
[null,"1000","ﾎﾟｽﾄｶﾊﾞｰ","個","2017-07-08","株式会社F","199",4,14750,59000,"QP-6747A"]
[null,"1001","運賃","式","2017-07-08","株式会社AU","199",1,3000,3000,"QP-6747A"]
[null,"QP00","Q-123","台","2017-07-08","株式会社CO","402",1,980000,980000,"QP-6829"]
[null,"QP01","運賃","式","2017-07-08","株式会社CO","402",1,110600,110600,"QP-6829"]
[null,"1000","ｱｯﾊﾟｰﾛｰﾗ","個","2017-07-08","S工業㈱","199",1,72600,72600,"RE-3552A"]
[null,"1000","ｱｯﾊﾟｰﾛｰﾗｷﾞｱ","個","2017-07-08","T㈱","199",1,55300,55300,"RE-3552A"]
[null,"1001","運賃","式","2017-07-08","BE工業㈱滋賀工場","199",1,5000,5000,"RE-3552A"]
[null,"1000","シグナルボイス","個","2017-07-08","E株式会社","199",1,61700,61700,"SP-0971A"]
[null,"1001","運賃","式","2017-07-08","AT産業株式会社","199",1,5000,5000,"SP-0971A"]
[null,"1000","故障調査","個","2017-07-08","株式会社H","199",1,125000,125000,"SP-1049B"]
[null,"1000","E1-08","個","2017-07-15","株式会社W","199",1,3200,3200,"SP-1231K"]

{"sheet":"売上実績グラフ","index":5,"n_rows":12,"n_cols":15,"rows_kept":12,"cut":false,"hidden":false,"merged":[]}
[]
[null,null,null,null,"月更新"]
[]
[1,2,3,4,5,6,7,8,9,10,11,12,13,14,15]
[null,null,null," ","　"]
[null,null,"前期実績","６月","７月","８月","９月","１０月","１１月","１２月","１月","２月","３月","４月","５月"]
[null,null,null,{"$f":"D14+D15","v":0},{"$f":"E14+E15","v":0},0,0,0,0,0,0,0,0,0,0]
[null,null,"　","　","　","　","　","　","　","　"]
[null,null," ","６月","７月","８月","９月","１０月","１１月","１２月","１月","２月","３月","４月","５月"]
[null,null,"売上高",3620,3222,0,0,0,0,0,0,0,0,0,0]
[null,null,"　"," "," "]
[null,null,"計画目標",3500,3500,3500,3500,3500,3500,3500,3500,3500,3500,3500,3500]

{"sheet":"日付取得","index":6,"n_rows":1,"n_cols":2,"rows_kept":1,"cut":false,"hidden":false,"merged":[]}
[2018,7]